[Event "BCF-chT3W 2324 (4NCL)"]
[Site "England"]
[Date "2024.03.10"]
[Round "8.63"]
[White "Longson, Sarah N"]
[Black "Mercs, Peter J"]
[Result "1-0"]
[WhiteElo "2087"]
[BlackElo "2021"]
[PlyCount "115"]
[EventDate "2023.11.18"]
[EventType "team-tourn"]
[EventRounds "11"]
[EventCountry "ENG"]
[SourceTitle "EXT 2025"]
[Source "ChessBase"]
[SourceDate "2024.10.14"]
[SourceVersion "1"]
[SourceVersionDate "2024.10.14"]
[SourceQuality "1"]
[WhiteTeam "Greater Woodpushers"]
[BlackTeam "Ashfield"]
[WhiteTeamCountry "ENG"]
[BlackTeamCountry "ENG"]

1. e4 c5 2. Nc3 d6 3. Bb5+ Nc6 4. Bxc6+ bxc6 5. f4 g6 6. Nf3 Bg7 7. 0-0 Nh6 8. d3 0-0 9. Qe1 f6 10. Qh4 Nf7 11. Ne2 d5 12. Qf2 d4 13. Ng3 Rb8 14. b3 e6 15. a4 Re8 16. Ba3 Bf8 17. Nd2 Ba6 18. f5 Bh6 19. Kh1 Be3 20. Qe2 Qd6 21. fxg6 hxg6 22. Rxf6 Kg7 23. e5 Qxe5 24. Nde4 Rh8 25. h3 Nd6 26. Qg4 Rh6 27. Rxe6 Nxe4 28. Nxe4 Bc8 29. Rxe5 Bxg4 30. Re7+ Kh8 31. Rf1 Bf5 32. Nd6 Rh7 33. Rxh7+ Kxh7 34. Nxf5 gxf5 35. Rxf5 c4 36. b4 cxd3 37. cxd3 a6 38. g4 Bd2 39. Rc5 Bxb4 40. Bxb4 Rxb4 41. Rxc6 Rxa4 42. Rd6 a5 43. Kg2 Rb4 44. Kf3 a4 45. Ra6 Rb3 46. Ke4 Rb2 47. Rxa4 Rh2 48. Rxd4 Rxh3 49. Rd6 Rh1 50. d4 Re1+ 51. Kf5 Kg7 52. d5 Rf1+ 53. Kg5 Kf7 54. Ra6 Rd1 55. Ra7+ Ke8 56. Kf6 Rxd5 57. Ke6 Rd8 58. Rh7 1-0

[Event "BCF-chT3W 2324 (4NCL)"]
[Site "England"]
[Date "2024.02.10"]
[Round "5.62"]
[White "Ogunshola, Ben"]
[Black "Mercs, Peter J"]
[Result "1-0"]
[WhiteElo "2027"]
[BlackElo "2021"]
[PlyCount "93"]
[EventDate "2023.11.18"]
[EventType "team-tourn"]
[EventRounds "11"]
[EventCountry "ENG"]
[SourceTitle "EXT 2025"]
[Source "ChessBase"]
[SourceDate "2024.10.14"]
[SourceVersion "1"]
[SourceVersionDate "2024.10.14"]
[SourceQuality "1"]
[WhiteTeam "Brown Jack"]
[BlackTeam "Ashfield"]
[WhiteTeamCountry "ENG"]
[BlackTeamCountry "ENG"]

1. c4 e5 2. Nc3 Bb4 3. g3 Nf6 4. Bg2 0-0 5. Qb3 Bxc3 6. bxc3 Nc6 7. d3 Re8 8. Nh3 Na5 9. Qa4 c5 10. Bg5 Nc6 11. 0-0 h6 12. Bxf6 Qxf6 13. Rab1 d6 14. Kh1 Qe7 15. Ng1 Qc7 16. Qb5 Re7 17. f4 exf4 18. Rxf4 Nd8 19. Bd5 Bd7 20. Qb2 Bc6 21. e4 Bxd5 22. cxd5 f6 23. Ne2 Nf7 24. Qd2 Rae8 25. c4 Qd7 26. Nc3 Ne5 27. Kg2 Ng6 28. Rf2 Re5 29. Rbf1 Rh5 30. Rf5 Re5 31. Qf2 Rexf5 32. exf5 Ne5 33. h3 g5 34. Ne4 Kg7 35. Qe2 g4 36. hxg4 Rg5 37. Nxg5 fxg5 38. Rb1 b6 39. Rb5 h5 40. gxh5 Qxf5 41. Qe4 Qc8 42. Rb1 Qa6 43. Rf1 Qxa2+ 44. Rf2 Qb3 45. Qf5 Qxd3 46. Qxg5+ Kh7 47. Qe7+ 1-0

[Event "BCF-chT3W 2324 (4NCL)"]
[Site "England"]
[Date "2023.11.18"]
[Round "1.63"]
[White "Rida, Ruqayyah"]
[Black "Mercs, Peter J"]
[Result "0-1"]
[WhiteElo "1707"]
[BlackElo "1998"]
[PlyCount "88"]
[EventDate "2023.11.18"]
[EventType "team-tourn"]
[EventRounds "11"]
[EventCountry "ENG"]
[SourceTitle "EXT 2025"]
[Source "ChessBase"]
[SourceDate "2024.10.14"]
[SourceVersion "1"]
[SourceVersionDate "2024.10.14"]
[SourceQuality "1"]
[WhiteTeam "She Plays To Win Lionesses"]
[BlackTeam "Ashfield"]
[WhiteTeamCountry "ENG"]
[BlackTeamCountry "ENG"]

1. e4 c6 2. d4 d5 3. Nd2 dxe4 4. Nxe4 Nf6 5. Nxf6+ exf6 6. c3 Bd6 7. Bd3 0-0 8. Qc2 Re8+ 9. Ne2 h5 10. Be3 Nd7 11. 0-0-0 Nf8 12. Kb1 Qa5 13. c4 c5 14. a3 cxd4 15. Nxd4 Bg4 16. f3 Rxe3 17. fxg4 Ree8 18. Nb5 Be5 19. c5 Kh8 20. Bc4 Ne6 21. Rd3 Nxc5 22. b4 Qb6 23. bxc5 Qxc5 24. Rh3 g6 25. Bd3 Qb6 26. Qc4 Qf2 27. Qc2 Qb6 28. gxh5 g5 29. Qc4 Qf2 30. Qc2 Qb6 31. Qa2 Re7 32. Qe2 Qe6 33. Bc2 a6 34. Qd3 f5 35. Nd4 Qb6+ 36. Nb3 a5 37. Qe3 Qf6 38. Qc1 a4 39. Nd2 Ra5 40. Nc4 Rb5+ 41. Ka2 Qe6 42. Bb3 axb3+ 43. Rxb3 Rxb3 44. Kxb3 b5 0-1

[Event "BCF-chT3Sb 1516 (4NCL)"]
[Site "England"]
[Date "2016.03.19"]
[Round "7.99"]
[White "McMahon, Paul"]
[Black "Mercs, Peter J"]
[Result "1/2-1/2"]
[WhiteElo "2008"]
[BlackElo "2114"]
[PlyCount "89"]
[EventDate "2015.11.14"]
[EventType "team-swiss"]
[EventRounds "7"]
[EventCountry "ENG"]
[SourceTitle "EXT 2017"]
[Source "ChessBase"]
[SourceDate "2016.10.25"]
[SourceVersion "1"]
[SourceVersionDate "2016.10.25"]
[SourceQuality "1"]
[WhiteTeam "Poisoned Pawns"]
[BlackTeam "Ashfield Breadsall"]
[WhiteTeamCountry "ENG"]
[BlackTeamCountry "ENG"]

1. e4 c5 2. Nf3 d6 3. c3 g6 4. Be2 Bg7 5. 0-0 Nf6 6. d3 0-0 7. Bg5 Nbd7 8. Qc1 Rb8 9. a4 a6 10. Bh6 b5 11. Bxg7 Kxg7 12. Nbd2 Bb7 13. Re1 e5 14. Nf1 d5 15. exd5 Nxd5 16. Ng3 f5 17. Qg5 Nf4 18. Qxd8 Rfxd8 19. Nh4 Kf6 20. axb5 axb5 21. d4 Nxe2+ 22. Nxe2 g5 23. Nf3 Bxf3 24. gxf3 Rb6 25. Kg2 exd4 26. cxd4 cxd4 27. f4 d3 28. fxg5+ Kxg5 29. f4+ Kg6 30. Nc3 Nf6 31. Re7 b4 32. Nd1 Nd5 33. Rea7 Nxf4+ 34. Kf3 Ne6 35. Ne3 Nd4+ 36. Kf2 Re6 37. Rg1+ Kf6 38. Rxh7 Ke5 39. Nc4+ Kd5 40. Ne3+ Kc5 41. Rc1+ Kb5 42. Rb7+ Rb6 43. Re7 Nc6 44. Rf7 Nd4 45. Nxf5 1/2-1/2

[Event "BCF-chT3 1415 (4NCL)"]
[Site "England"]
[Date "2015.05.03"]
[Round "11.99"]
[White "Mercs, Peter J"]
[Black "Nandi, Robin J"]
[Result "1-0"]
[WhiteElo "2087"]
[BlackElo "1952"]
[PlyCount "43"]
[EventDate "2015.03.21"]
[EventType "team-swiss"]
[EventRounds "11"]
[EventCountry "ENG"]
[SourceTitle "EXT 2016"]
[Source "ChessBase"]
[SourceDate "2015.10.08"]
[SourceVersion "1"]
[SourceVersionDate "2015.10.08"]
[SourceQuality "1"]
[WhiteTeam "Ashfield Breadsall"]
[BlackTeam "Oxford II"]
[WhiteTeamCountry "ENG"]
[BlackTeamCountry "ENG"]

1. e4 e5 2. Nf3 Nc6 3. d4 exd4 4. Nxd4 Nf6 5. Nxc6 bxc6 6. Bd3 d5 7. e5 Ng4 8. Qe2 Bc5 9. 0-0 Qh4 10. h3 h5 11. Nd2 Qg3 12. Nf3 Nxf2 13. Rxf2 Bxh3 14. Be3 Bxe3 15. Qxe3 h4 16. Re1 Be6 17. Qg5 Kd7 18. Bf5 g6 19. Bxe6+ fxe6 20. Rd2 Raf8 21. Qxg3 hxg3 22. Rd4 1-0

[Event "BCF-chT3 1314 (4NCL)"]
[Site "England"]
[Date "2014.05.04"]
[Round "10.165"]
[White "David, Ivan"]
[Black "Mercs, Peter J"]
[Result "0-1"]
[WhiteElo "1845"]
[BlackElo "2080"]
[PlyCount "132"]
[EventDate "2013.11.16"]
[EventType "team-swiss"]
[EventRounds "11"]
[EventCountry "ENG"]
[SourceTitle "EXT 2015"]
[Source "ChessBase"]
[SourceDate "2014.11.20"]
[SourceVersion "1"]
[SourceVersionDate "2014.11.20"]
[SourceQuality "1"]
[WhiteTeam "e2e4.org.uk IV"]
[BlackTeam "Ashfield Breadsall"]
[WhiteTeamCountry "ENG"]
[BlackTeamCountry "ENG"]

1. Nf3 c5 2. c4 g6 3. g3 Bg7 4. Bg2 e5 5. Nc3 Ne7 6. 0-0 0-0 7. a3 a5 8. Ne1 Nbc6 9. Nc2 d6 10. Ne3 Be6 11. Ned5 Bxd5 12. Nxd5 Nxd5 13. Bxd5 Qd7 14. d3 Rae8 15. Rb1 h6 16. Qa4 Qc7 17. Bd2 Ra8 18. e3 Ne7 19. Bg2 f5 20. Qb5 Ra7 21. b4 cxb4 22. axb4 a4 23. Ra1 a3 24. Ra2 Rc8 25. Rc1 Kh7 26. Rc3 e4 27. d4 Ra6 28. c5 dxc5 29. bxc5 Rca8 30. Rb3 R8a7 31. Bf1 f4 32. Qe8 fxe3 33. fxe3 Rf6 34. Bg2 Rf8 35. Qb5 Nc6 36. Bc3 Qf7 37. Ba1 h5 38. Bxe4 Re8 39. Bxc6 bxc6 40. Qd3 Rae7 41. Raxa3 Bh6 42. Qf1 Bxe3+ 43. Kg2 Qxf1+ 44. Kxf1 Rf8+ 45. Kg2 Rf2+ 46. Kh3 Re2 47. Rb2 Re1 48. Rb8 g5 49. Raa8 Kg6 50. Rg8+ Kf5 51. Rgf8+ Ke6 52. d5+ Kxd5 53. Rf5+ Kc4 54. Bf6 g4+ 55. Kh4 Re2 56. Kxh5 Rxh2+ 57. Kxg4 Rb7 58. Ra4+ Kb3 59. Re4 Rb4 60. Rxb4+ Kxb4 61. Be7 Rh7 62. Bd6 Kc4 63. Kf3 Bc1 64. Ke4 Rh1 65. Ke5 Rh6 66. Rf1 Bb2+ 0-1

[Event "Bedford e2e4 op"]
[Site "Bedford"]
[Date "2013.09.21"]
[Round "3"]
[White "Bennett, Dominic"]
[Black "Mercs, Peter J"]
[Result "0-1"]
[WhiteElo "1988"]
[BlackElo "2106"]
[PlyCount "72"]
[EventDate "2013.09.20"]
[EventType "swiss"]
[EventRounds "5"]
[EventCountry "ENG"]
[SourceTitle "CBM 156 Extra"]
[Source "ChessBase"]
[SourceDate "2013.10.22"]
[SourceVersion "1"]
[SourceVersionDate "2013.10.22"]
[SourceQuality "1"]

1. d4 Nf6 2. Bg5 e6 3. e3 b6 4. c4 Bb7 5. Nc3 d6 6. Nf3 Nbd7 7. Be2 h6 8. Bh4 Be7 9. h3 0-0 10. Bg3 Ne4 11. Nxe4 Bxe4 12. 0-0 f5 13. Nd2 Bb7 14. Bf3 Bxf3 15. Qxf3 Bf6 16. Rad1 Qe7 17. Nb1 Rae8 18. Nc3 g5 19. Qb7 c5 20. dxc5 f4 21. exf4 Bxc3 22. cxd6 Qg7 23. bxc3 gxf4 24. Bh4 f3 25. Bg3 Rf4 26. c5 bxc5 27. Qxa7 h5 28. Kh2 h4 29. gxf3 hxg3+ 30. fxg3 Rf7 31. Qa3 Ref8 32. c4 Ne5 33. f4 Nxc4 34. Qxc5 Rb8 35. Qxc4 Rb2+ 36. Kh1 Qxg3 0-1

[Event "GBR-ch 100th"]
[Site "Torquay"]
[Date "2013.08.06"]
[Round "8"]
[White "Mercs, Peter J"]
[Black "Brown, Martin"]
[Result "0-1"]
[WhiteElo "2109"]
[BlackElo "2203"]
[PlyCount "90"]
[EventDate "2013.07.29"]
[EventType "swiss"]
[EventRounds "11"]
[EventCountry "ENG"]
[SourceTitle "CBM 155 Extra"]
[Source "ChessBase"]
[SourceDate "2013.08.26"]
[SourceVersion "1"]
[SourceVersionDate "2013.08.26"]
[SourceQuality "1"]

1. e4 e6 2. d4 d5 3. Nd2 Nc6 4. Ngf3 Nf6 5. e5 Nd7 6. Bd3 f6 7. 0-0 fxe5 8. dxe5 Ndxe5 9. Bb5 Bd7 10. Qe2 Qf6 11. Re1 Bd6 12. c4 Nxf3+ 13. Nxf3 0-0 14. Bg5 Qg6 15. Bh4 Rae8 16. Bg3 dxc4 17. Bxc4 Kh8 18. Qe4 Qf6 19. Bd3 Qh6 20. Ng5 g6 21. h4 e5 22. Bc4 Qg7 23. Qe3 Nd4 24. Rac1 Bc6 25. Bd3 Nf5 26. Qe2 Qe7 27. Be4 Nd4 28. Qd3 Bb5 29. Qd1 c5 30. a4 Ba6 31. Bd5 b6 32. f4 Qg7 33. fxe5 Bb8 34. b4 Rd8 35. e6 Bxg3 36. e7 Bxe1 37. exd8Q Rxd8 38. Nf7+ Qxf7 39. Bxf7 Ne2+ 40. Kh2 Rxd1 41. Rxd1 Bxb4 42. Rd7 Nd4 43. Rxa7 Bd3 44. g4 h6 45. Bd5 c4 0-1

[Event "GBR-ch 100th"]
[Site "Torquay"]
[Date "2013.08.05"]
[Round "7"]
[White "Mercs, Peter J"]
[Black "Longson, Alexander"]
[Result "0-1"]
[WhiteElo "2109"]
[BlackElo "2279"]
[PlyCount "60"]
[EventDate "2013.07.29"]
[EventType "swiss"]
[EventRounds "11"]
[EventCountry "ENG"]
[SourceTitle "CBM 155 Extra"]
[Source "ChessBase"]
[SourceDate "2013.08.26"]
[SourceVersion "1"]
[SourceVersionDate "2013.08.26"]
[SourceQuality "1"]

1. e4 c5 2. Nf3 d6 3. d4 cxd4 4. Nxd4 Nf6 5. Nc3 a6 6. Be2 e5 7. Nb3 Be7 8. 0-0 0-0 9. a4 Be6 10. Kh1 Nc6 11. Be3 Nb4 12. a5 Rc8 13. Bb6 Qd7 14. f4 Qc6 15. Ra4 Nxc2 16. Nd2 Nd4 17. f5 Nxe2 18. Qxe2 Qe8 19. fxe6 Rxc3 20. exf7+ Rxf7 21. bxc3 Qxa4 22. c4 Qc2 23. Rb1 Bf8 24. Qe1 g6 25. Bd8 Bh6 26. Rd1 Bxd2 27. Rxd2 Qxe4 28. Qc1 Ng4 29. Bb6 Ne3 30. Re2 Qxc4 0-1

[Event "GBR-ch 100th"]
[Site "Torquay"]
[Date "2013.08.03"]
[Round "6"]
[White "Mason, Donald"]
[Black "Mercs, Peter J"]
[Result "0-1"]
[WhiteElo "2204"]
[BlackElo "2109"]
[PlyCount "76"]
[EventDate "2013.07.29"]
[EventType "swiss"]
[EventRounds "11"]
[EventCountry "ENG"]
[SourceTitle "CBM 155 Extra"]
[Source "ChessBase"]
[SourceDate "2013.08.26"]
[SourceVersion "1"]
[SourceVersionDate "2013.08.26"]
[SourceQuality "1"]

1. d4 Nf6 2. c4 e5 3. dxe5 Ng4 4. Bf4 Nc6 5. Nf3 Bb4+ 6. Nbd2 Qe7 7. e3 Ngxe5 8. Nxe5 Nxe5 9. Be2 0-0 10. 0-0 Bxd2 11. Qxd2 d6 12. b4 b6 13. c5 Rd8 14. Qc3 Bb7 15. Rac1 Qe6 16. Bxe5 dxe5 17. c6 Bc8 18. Rcd1 Re8 19. Bc4 Qg6 20. e4 h5 21. b5 a6 22. a4 axb5 23. axb5 Qxe4 24. Rfe1 Qg4 25. f3 Qg5 26. f4 Qg4 27. h3 Qg6 28. fxe5 Bf5 29. Re3 h4 30. g4 Bxg4 31. Rd2 Bxh3+ 32. Kh2 Be6 33. Rg2 Qh6 34. Rf3 Ra4 35. Bxe6 Qxe6 36. Rg5 Ra2+ 37. Kg1 Rd8 38. Qc1 Rdd2 0-1

[Event "GBR-ch 100th"]
[Site "Torquay"]
[Date "2013.07.31"]
[Round "3"]
[White "Burke, Mitchell R"]
[Black "Mercs, Peter J"]
[Result "1/2-1/2"]
[WhiteElo "1971"]
[BlackElo "2109"]
[PlyCount "92"]
[EventDate "2013.07.29"]
[EventType "swiss"]
[EventRounds "11"]
[EventCountry "ENG"]
[SourceTitle "CBM 155 Extra"]
[Source "ChessBase"]
[SourceDate "2013.08.26"]
[SourceVersion "1"]
[SourceVersionDate "2013.08.26"]
[SourceQuality "1"]

1. e4 c5 2. Nc3 Nc6 3. f4 g6 4. Nf3 Bg7 5. Bb5 Nd4 6. 0-0 a6 7. Bd3 d6 8. Nxd4 cxd4 9. Ne2 Qb6 10. Kh1 Bg4 11. h3 Bxe2 12. Qxe2 Nf6 13. Qf2 0-0 14. c4 Nd7 15. Bc2 Rac8 16. d3 Qc7 17. b3 f5 18. exf5 gxf5 19. Bb2 e5 20. b4 a5 21. a3 Kh8 22. Ba4 axb4 23. axb4 Nb6 24. Bb3 Rce8 25. Ra7 Nc8 26. Ra8 Ne7 27. Rxe8 Rxe8 28. Re1 Rf8 29. fxe5 dxe5 30. Qf3 Ng6 31. c5 Nh4 32. Qh5 Bf6 33. Qh6 Ng6 34. Qh5 Qd7 35. Bc1 e4 36. Bh6 Bg7 37. Bxg7+ Qxg7 38. Rf1 exd3 39. Rxf5 Re8 40. Rf7 Re1+ 41. Kh2 Qe5+ 42. Qxe5+ Nxe5 43. Rxb7 Rb1 44. Ba4 d2 45. b5 Ra1 46. Bb3 Rb1 1/2-1/2

[Event "Leicester Atkins op"]
[Site "Leicester"]
[Date "2012.09.29"]
[Round "2"]
[White "Fletcher, Michael"]
[Black "Mercs, Peter J"]
[Result "0-1"]
[WhiteElo "1816"]
[BlackElo "2106"]
[PlyCount "88"]
[EventDate "2012.09.28"]
[EventType "swiss"]
[EventRounds "5"]
[EventCountry "ENG"]
[SourceTitle "CBM 150 Extra"]
[Source "ChessBase"]
[SourceDate "2012.10.19"]
[SourceVersion "1"]
[SourceVersionDate "2012.10.19"]
[SourceQuality "1"]

1. e4 c5 2. Nf3 d6 3. d4 cxd4 4. Nxd4 Nf6 5. Nc3 Nc6 6. Bg5 e6 7. Qd2 Be7 8. 0-0-0 Nxd4 9. Qxd4 0-0 10. f4 a6 11. Be2 Qa5 12. e5 dxe5 13. Qxe5 Qxe5 14. fxe5 Nd5 15. Bxe7 Nxe7 16. Bf3 Ng6 17. Rhe1 Rb8 18. Na4 b5 19. Nc5 b4 20. Rd4 Rb5 21. Nd3 a5 22. h4 Ne7 23. g4 Bb7 24. Bxb7 Rxb7 25. Nf4 g6 26. Rd6 Rb5 27. Re4 Rc8 28. Nd3 Nd5 29. Kd2 Rb7 30. Ra6 Rbc7 31. Ne1 Rc4 32. Rxc4 Rxc4 33. h5 gxh5 34. gxh5 Rh4 35. Rxa5 Rxh5 36. Nd3 Rh2+ 37. Kc1 h5 38. Rc5 h4 39. Rc4 Ne3 40. Re4 Nf5 41. Rxb4 h3 42. Rg4+ Kf8 43. a4 Rg2 44. Rf4 h2 0-1

[Event "BCF-ch Weekend Atkins"]
[Site "North Shields"]
[Date "2012.07.28"]
[Round "3.23"]
[White "Hood, Simon W"]
[Black "Mercs, Peter J"]
[Result "0-1"]
[WhiteElo "2072"]
[BlackElo "2097"]
[PlyCount "82"]
[EventDate "2012.07.27"]
[EventType "swiss"]
[EventRounds "5"]
[EventCountry "ENG"]
[SourceTitle "EXT 2023"]
[Source "ChessBase"]
[SourceDate "2022.10.05"]
[SourceVersion "1"]
[SourceVersionDate "2022.10.05"]
[SourceQuality "1"]

1. e4 c5 2. Nf3 d6 3. d4 cxd4 4. Nxd4 Nf6 5. Nc3 Nc6 6. Bc4 Qb6 7. Nb3 a6 8. 0-0 e6 9. Bd3 Be7 10. Be3 Qc7 11. f4 0-0 12. Qf3 Re8 13. g4 Bf8 14. g5 Nd7 15. h4 Nc5 16. Nxc5 dxc5 17. e5 Nb4 18. Be4 Rb8 19. Rad1 Bd7 20. a3 Nc6 21. Ne2 Ne7 22. Ng3 Bc6 23. Bxc5 Nf5 24. Bf2 Nxg3 25. Bxg3 Bxe4 26. Qxe4 Qb6+ 27. Bf2 Qxb2 28. Rd7 Rec8 29. c4 Qc3 30. Rxb7 Rxb7 31. Qxb7 Qxc4 32. a4 Rd8 33. Qb6 Rd3 34. Qb1 Rf3 35. Qc1 Qe4 36. Re1 Qf5 37. Qc4 Rxf4 38. Qe2 g6 39. Rc1 Rg4+ 40. Kh2 Re4 41. Qc2 Qxe5+ 0-1

[Event "BCF-chT3 1112 (4NCL)"]
[Site "England"]
[Date "2012.05.07"]
[Round "11.215"]
[White "Mercs, Peter J"]
[Black "Healey, Michael W"]
[Result "1-0"]
[WhiteElo "2084"]
[BlackElo "2095"]
[PlyCount "81"]
[EventDate "2011.11.12"]
[EventType "team-swiss"]
[EventRounds "11"]
[EventCountry "ENG"]
[SourceTitle "EXT 2013"]
[Source "ChessBase"]
[SourceDate "2012.11.22"]
[SourceVersion "1"]
[SourceVersionDate "2012.11.22"]
[SourceQuality "1"]
[WhiteTeam "SC Stars"]
[BlackTeam "Oxford II"]
[WhiteTeamCountry "ENG"]
[BlackTeamCountry "ENG"]

1. e4 Nf6 2. e5 Nd5 3. d4 d6 4. Nf3 c6 5. c4 Nc7 6. exd6 exd6 7. Bd3 Bg4 8. 0-0 Be7 9. h3 Bh5 10. Nc3 0-0 11. Ne4 d5 12. Ng3 Bxf3 13. Qxf3 dxc4 14. Bxc4 Qxd4 15. Bb3 Qf6 16. Nf5 Nd7 17. Nxe7+ Qxe7 18. Qg3 Nb5 19. Rd1 Nc5 20. Bc2 Rad8 21. Be3 Ne6 22. Qg4 Qf6 23. a4 Nbd4 24. Bd3 g6 25. b4 a6 26. Rab1 Rd5 27. Bc4 h5 28. Qe4 Rfd8 29. Bxd5 Ne2+ 30. Kh1 Nc3 31. Bd4 Rxd5 32. Bxc3 Rxd1+ 33. Rxd1 Qxc3 34. Rd3 Qa1+ 35. Kh2 Qxa4 36. Rd7 Qb5 37. Qf3 Qe5+ 38. Kh1 f5 39. Qd1 b5 40. Qd2 h4 41. Qd6 1-0

[Event "Leicester Atkins Memorial op"]
[Site "Leicester"]
[Date "2010.10.03"]
[Round "5"]
[White "Coates, David H"]
[Black "Mercs, Peter J"]
[Result "1/2-1/2"]
[WhiteElo "2068"]
[BlackElo "2082"]
[PlyCount "65"]
[EventDate "2010.10.01"]
[EventType "swiss"]
[EventRounds "5"]
[EventCountry "ENG"]
[SourceTitle "CBM 138 Extra"]
[Source "ChessBase"]
[SourceDate "2010.10.29"]
[SourceVersion "1"]
[SourceVersionDate "2010.10.29"]
[SourceQuality "1"]

1. d4 Nf6 2. c4 e6 3. Nc3 c5 4. d5 exd5 5. cxd5 d6 6. e4 g6 7. Bd3 Bg7 8. h3 0-0 9. Nf3 a6 10. a4 Nbd7 11. 0-0 Qc7 12. Bf4 Re8 13. Qd2 Rb8 14. Rfe1 Nh5 15. Bh2 Ne5 16. Be2 Qe7 17. Rf1 Nxf3+ 18. Bxf3 b5 19. axb5 axb5 20. Rfe1 b4 21. Na4 Bd7 22. e5 Bxa4 23. Rxa4 dxe5 24. d6 Qd7 25. Ra6 Rbc8 26. Rea1 Red8 27. Bd5 Kh8 28. Qe2 Nf4 29. Qc4 Nxd5 30. Qxd5 Qe6 31. Qb7 Qd7 32. Qd5 Qe6 33. Qb7 1/2-1/2

[Event "BCF-chT4 0708 (4NCL)"]
[Site "England"]
[Date "2008.05.03"]
[Round "9.2"]
[White "Hoffmann, Hendrik"]
[Black "Mercs, Peter J"]
[Result "0-1"]
[WhiteElo "2269"]
[BlackElo "2077"]
[PlyCount "110"]
[EventDate "2007.09.15"]
[EventType "team-swiss"]
[EventRounds "11"]
[EventCountry "ENG"]
[SourceTitle "EXT 2009"]
[Source "ChessBase"]
[SourceDate "2008.11.26"]
[SourceVersion "1"]
[SourceVersionDate "2008.11.26"]
[SourceQuality "1"]
[WhiteTeam "Celtic Tigers"]
[BlackTeam "Nottinghamshire"]
[WhiteTeamCountry "ENG"]
[BlackTeamCountry "ENG"]

1. e4 c5 2. Nf3 d6 3. d4 cxd4 4. Nxd4 Nf6 5. Nc3 Nc6 6. Be3 Ng4 7. Bb5 Nxe3 8. fxe3 Bd7 9. Bxc6 bxc6 10. 0-0 e6 11. Qf3 Qf6 12. e5 Qxf3 13. Nxf3 d5 14. Rf2 Be7 15. Raf1 0-0 16. Ne1 Rab8 17. Nd3 c5 18. Nd1 Bb5 19. Re1 c4 20. Nf4 Bd8 21. Ne2 Bc7 22. Nd4 Bxe5 23. Nc3 Bd7 24. Nd1 f5 25. c3 Bf6 26. Ref1 g6 27. Rd2 Rb6 28. g3 Rfb8 29. Kf2 Ba4 30. Nc2 a5 31. Ke1 Kg7 32. Rff2 h5 33. h4 Be5 34. Rg2 Bf6 35. Rgf2 Bc6 36. Nd4 Bd7 37. Nc2 Rd6 38. Na3 Rc8 39. Rf4 Be5 40. Rf3 Ba4 41. Nf2 Rb6 42. Nh3 Rcb8 43. Ng5 Rxb2 44. Nxe6+ Kg8 45. Rxd5 Bxc3+ 46. Kf1 Bc6 47. e4 Bxd5 48. exd5 Bb4 49. Nxc4 Rxa2 50. Rd3 Rc8 51. Ne3 Rc1+ 52. Nd1 Rh2 53. Ng5 Rh1+ 54. Kf2 Rhxd1 55. Re3 Bc5 0-1

[Event "BCF-chT4 0708 (4NCL)"]
[Site "England"]
[Date "2007.11.24"]
[Round "3.2"]
[White "Mapletoft, Alexander J"]
[Black "Mercs, Peter J"]
[Result "1-0"]
[WhiteElo "1865"]
[BlackElo "2067"]
[PlyCount "69"]
[EventDate "2007.09.15"]
[EventType "team-swiss"]
[EventRounds "11"]
[EventCountry "ENG"]
[SourceTitle "EXT 2009"]
[Source "ChessBase"]
[SourceDate "2008.11.26"]
[SourceVersion "1"]
[SourceVersionDate "2008.11.26"]
[SourceQuality "1"]
[WhiteTeam "Littlehorpe II"]
[BlackTeam "Nottinghamshire"]
[WhiteTeamCountry "ENG"]
[BlackTeamCountry "ENG"]

1. e4 c5 2. Nf3 d6 3. d4 cxd4 4. Nxd4 Nf6 5. Nc3 Nc6 6. f3 e5 7. Nde2 Be6 8. Be3 Be7 9. Qd2 0-0 10. 0-0-0 a6 11. g4 Qa5 12. Kb1 Rfd8 13. g5 Nd7 14. h4 b5 15. Bh3 Bxh3 16. Rxh3 Nb6 17. Bxb6 Qxb6 18. Nd5 Qa7 19. Ng3 Nd4 20. Nf5 Nxf5 21. exf5 Rac8 22. f6 Bf8 23. h5 Qd7 24. Rg3 Qf5 25. Rdg1 g6 26. hxg6 Qxg6 27. Rh1 Rc5 28. Rgh3 Rdc8 29. Rxh7 Qxh7 30. Rxh7 Rxc2 31. Rg7+ Bxg7 32. Ne7+ Kh8 33. fxg7+ Kxg7 34. Qxc2 Rxc2 35. Kxc2 1-0

[Event "BCF-chT4 0708 (4NCL)"]
[Site "England"]
[Date "2007.10.28"]
[Round "2.2"]
[White "Mercs, Peter J"]
[Black "Armstrong, William G"]
[Result "1/2-1/2"]
[WhiteElo "2067"]
[BlackElo "1949"]
[PlyCount "68"]
[EventDate "2007.09.15"]
[EventType "team-swiss"]
[EventRounds "11"]
[EventCountry "ENG"]
[SourceTitle "EXT 2009"]
[Source "ChessBase"]
[SourceDate "2008.11.26"]
[SourceVersion "1"]
[SourceVersionDate "2008.11.26"]
[SourceQuality "1"]
[WhiteTeam "Nottinghamshire"]
[BlackTeam "Cheddleton"]
[WhiteTeamCountry "ENG"]
[BlackTeamCountry "ENG"]

1. e4 c5 2. Nf3 Nc6 3. d4 cxd4 4. Nxd4 Nf6 5. Nc3 e5 6. Ndb5 d6 7. Bg5 a6 8. Na3 b5 9. Nd5 Be7 10. Bxf6 Bxf6 11. c3 0-0 12. Nc2 Rb8 13. Be2 Bg5 14. Nde3 Kh8 15. Bg4 Be6 16. Bxe6 fxe6 17. 0-0 b4 18. Qd3 a5 19. Rad1 bxc3 20. bxc3 Be7 21. Nc4 Qc7 22. N2e3 Rfd8 23. Qe2 Bf8 24. Rd3 Ne7 25. a4 d5 26. Na3 dxe4 27. Rxd8 Rxd8 28. Nb5 Qc5 29. Qc4 Nd5 30. Qxe4 Nxc3 31. Nxc3 Qxc3 32. Qc4 Qd4 33. Qxe6 Qxa4 34. Qxe5 Bb4 1/2-1/2